[Event "10th LCC FIDE Open 2018"]
[Site "London"]
[Date "2018.12.15"]
[Round "7"]
[White "Hunt, Harriet V"]
[Black "Wilks, Simon"]
[Result "0-1"]
[WhiteElo "2440"]
[BlackElo "2019"]
[Annotator "TA"]
[PlyCount "106"]
[EventDate "2018.12.09"]
[EventType "swiss"]
[EventCountry "ENG"]
[SourceTitle "playchess.com"]
[Source "ChessBase"]
[SourceQuality "1"]

{[%evp 16,106,54,0,15,19,33,7,49,52,58,10,8,-8,4,0,-7,0,22,0,0,-7,26,19,42,40,70,0,55,6,5,7,65,66,70,66,64,60,66,61,68,32,52,0,0,0,0,0,0,0,0,0,0,0,41,0,47,-8,-8,-127,-116,-125,-107,-111,-81,-86,-86,-186,-175,-216,-216,-216,-208,-208,-209,-208,-208,-208,-209,-209,-209,-1522,-5065,-1912,-1015,-5842,-5628,-5302,-5051,-2325,-1836,-1179,-849]} 1. e4 e6 2. d4 d5 3. Nd2 h6 (3... c5 4. exd5 Qxd5 5. Ngf3 cxd4 6. Bc4 Qd6 7. O-O Nf6 8. Nb3 Nc6 9. Nbxd4 Nxd4 10. Nxd4 a6 11. Re1 Qc7 12. Bf1 Be7 13. Qf3 O-O 14. Bf4 Bd6 15. Bxd6 Qxd6 16. Rad1 Qc7 17. c4 Rb8 18. Qg3 Qxg3 19. hxg3 Bd7 {½-½ (61) Karjakin,S (2773)-Duda,J (2737) chess.com INT 2018}) 4. Ngf3 Nf6 5. e5 Nfd7 6. Bd3 {C03: French Tarrasch: Unusual Black 3rd moves} c5 7. c3 Nc6 8. O-O g5 9. dxc5 {LiveBook: 22 Games} (9. b3 $14) 9... g4 10. Nd4 Ndxe5 {[%cal Bd7e5,Be5c4,Bc4d2][%mdl 32]} 11. N2b3 $146 ({Predecessor:} 11. Bb5 Bxc5 {1-0 (35) Balogh,C (2662)-Hoang,T (2446) Hungary 2011}) 11... h5 12. Bb5 Bd7 13. Bxc6 bxc6 14. Qe2 Nc4 15. f4 Qf6 (15... Qb8 {is more complex.} 16. Nf5 Qb5 17. Nfd4 Qb8) 16. Be3 Bh6 17. Rae1 O-O $1 18. Bc1 Rae8 (18... a5 {seems wilder.} 19. Na1 a4 20. Nac2 Rfb8 21. b3 Na5) 19. Nd2 Nxd2 $1 20. Bxd2 Qg6 21. Qf2 ({Better is} 21. Qe5 $14) 21... f5 (21... Bg7 $11) 22. Re2 (22. c4 $5) 22... Bg7 23. Rfe1 Kf7 ({Black should play} 23... a5 $11) 24. c4 $14 h4 25. Bc3 $1 g3 26. Qf3 gxh2+ 27. Kh1 Qg4 28. Qf1 (28. Qf2 {is interesting.} Qg3 29. Qf1 Bxd4 30. Bxd4 h3 31. gxh3 Rg8 32. Re3) 28... Bh6 29. cxd5 (29. Rf2 $14) 29... exd5 $11 30. Rxe8 Rxe8 31. Rxe8 Bxe8 32. Bd2 Bd7 33. b4 Bg7 34. Nf3 Qg3 35. Qe2 {Black should prevent Ng5+.} d4 36. a4 (36. Ng5+ $14 Kg6 37. Qe7) 36... Bf6 37. Nxh2 {[#]} (37. Ng5+ $1 $11 Bxg5 38. fxg5) 37... Be6 $1 $17 {Strongly threatening ...Bd5.} 38. Qh5+ Kg7 39. Qf3 Qxf3 (39... Bd5 {feels hotter.} 40. Qxg3+ hxg3 41. Nf1 Bh4 42. Be1 d3) 40. Nxf3 {[%mdl 4096] Endgame KBB-KBN} Bd5 {White must now prevent ...Bxf3.} 41. Ne1 (41. Ng5 $17 {was called for.}) 41... h3 42. Kg1 hxg2 43. Nxg2 a6 44. Kf2 Kf7 45. Ne1 Be4 46. Ke2 Ke6 47. Nd3 Kd5 48. a5 $2 {[#]} (48. Be1) 48... Bxd3+ $19 {Black is clearly winning.} 49. Kxd3 Bh4 50. b5 cxb5 51. c6 Bd8 52. Bb4 Bc7 53. Bd2 Kc5 {Accuracy: White = 51%, Black = 60%.} 0-1

[Event "10th LCC FIDE Open 2018"]
[Site "London"]
[Date "2018.12.15"]
[Round "7"]
[White "Hebden, Mark L"]
[Black "Gschnitzer, Adrian"]
[Result "1-0"]
[WhiteElo "2425"]
[BlackElo "2374"]
[Annotator "TA"]
[PlyCount "79"]
[EventDate "2018.12.09"]
[EventType "swiss"]
[EventCountry "ENG"]
[SourceTitle "playchess.com"]
[Source "ChessBase"]
[SourceQuality "1"]

{[%evp 17,79,22,31,17,22,6,10,11,11,-19,-14,-14,-11,-18,-14,-50,-43,-49,-40,-50,-9,-16,0,-26,-31,-26,0,-33,28,0,0,0,0,0,0,0,0,0,0,0,0,0,0,0,0,0,31,6,6,0,393,397,2031,2006,5022,5022,5022,5014,4786,4786,10961,5106,5315,5289]} 1. d4 Nf6 2. Nf3 c5 3. d5 b5 4. Bg5 d6 5. Bxf6 exf6 6. e4 a6 7. a4 b4 8. Bd3 g6 9. O-O {A43: Schmid Benoni} (9. Nbd2 Bg7 10. Nc4 O-O 11. O-O Bb7 12. Qd2 f5 13. exf5 Bxd5 14. Be2 Bxc4 15. Bxc4 Nc6 16. fxg6 hxg6 17. Rad1 Ne5 18. Nxe5 Bxe5 {½-½ (27) Moiseenko,A (2653)-Ramirez,A (2519) Dallas 2004}) 9... Bg7 {LiveBook: 6 Games} 10. c3 O-O 11. Qc2 $146 {The position is equal.} ({Predecessor:} 11. a5 Nd7 12. Qd2 Rb8 13. Qe2 Re8 14. Bxa6 f5 15. Bxc8 Rxc8 {0-1 (34) Bergner,P (2058)-Zeller,F (2445) Deizisau 2014}) 11... a5 12. Nbd2 Nd7 {[%cal Bb8d7,Bd7e5,Be5d3][%mdl 32]} 13. Nc4 Ne5 14. Nfd2 Nxd3 15. Qxd3 f5 16. cxb4 axb4 17. Qg3 Ra6 18. Rfe1 Bb7 {...fxe4 is the strong threat.} 19. Rad1 Re8 20. b3 Bc3 21. Qd3 Qa8 22. Re2 Re7 ({Black should play} 22... f4 $15) 23. h4 Bd4 24. Rde1 fxe4 25. Nxe4 Bxd5 26. Nexd6 Rxe2 27. Rxe2 Be6 28. Nb5 Qd8 {[#] aiming for ...Bxf2+!} 29. Nxd4 Qxd4 30. Qxd4 cxd4 $11 {[%mdl 4096] Endgame KRB-KRN} 31. Nd2 f5 32. Re1 Rc6 33. a5 Kf7 $2 {[%mdl 8192]} (33... Bd5 $11 {and Black stays safe.}) 34. Nf3 $18 Bxb3 $2 (34... Rc3 35. Ng5+ {[%mdl 64] Double Attack} (35. Nxd4 Bxb3 36. Rb1 Bd5 $14) 35... Kg8 36. Nxe6 d3) 35. Ne5+ {[%mdl 64] [#] Double Attack. White is clearly winning.} Kf6 36. Nxc6 d3 37. Nxb4 d2 38. Ra1 d1=Q+ 39. Rxd1 Bxd1 40. a6 {Accuracy: White = 55%, Black = 53%.} 1-0

[Event "10th LCC FIDE Open 2018"]
[Site "London"]
[Date "2018.12.15"]
[Round "7"]
[White "Gilevych, Artem"]
[Black "Mihalik, Agoston"]
[Result "1-0"]
[WhiteElo "2409"]
[BlackElo "2220"]
[Annotator "ChessBase"]
[PlyCount "141"]
[EventDate "2018.12.09"]
[EventType "swiss"]
[EventCountry "ENG"]
[SourceTitle "playchess.com"]
[Source "ChessBase"]
[SourceQuality "1"]
[TimeControl "40/5400+30:1800+30"]

1. Nf3 {[%emt 0:09:15]} d5 {[%emt 0:00:00]} 2. d4 {[%emt 0:00:43]} Nf6 {[%emt 0:00:00]} 3. c4 {[%emt 0:00:04]} e6 {[%emt 0:00:00]} 4. g3 {[%emt 0:00:05]} Be7 {[%emt 0:00:16]} 5. Bg2 {[%emt 0:00:05]} O-O {[%emt 0:00:06]} 6. O-O {[%emt 0:00:04]} dxc4 {[%emt 0:00:06]} 7. Na3 {[%emt 0:00:08]} a6 {[%emt 0:16:57]} 8. Nxc4 {[%emt 0:08:37]} b5 {[%emt 0:07:17]} 9. Nfe5 {[%emt 0:07:17]} Ra7 {[%emt 0:00:19]} 10. Na5 {[%emt 0:00:47]} Bd7 {[%emt 0:02:10]} 11. Bd2 {[%emt 0:11:26]} Nd5 {[%emt 0:14:07]} 12. Rc1 {[%emt 0:01:33]} f6 {[%emt 0:00:58]} 13. Nd3 {[%emt 0:04:14]} Kh8 {[%emt 0:08:30]} 14. Qb3 {[%emt 0:03:05]} Be8 {[%emt 0:01:52]} 15. e4 {[%emt 0:12:15]} Nb6 {[%emt 0:00:06]} 16. Bb4 {[%emt 0:06:06]} Bxb4 {[%emt 0:06:28]} 17. Qxb4 {[%emt 0:01:06]} Qd6 {[%emt 0:02:52]} 18. b3 {[%emt 0:06:42]} Bh5 {[%emt 0:08:27]} 19. e5 {[%emt 0:08:23]} fxe5 {[%emt 0:03:24]} 20. dxe5 {[%emt 0:00:22]} Qxb4 {[%emt 0:00:14]} 21. Nxb4 {[%emt 0:00:02]} c5 {[%emt 0:00:13]} 22. Rxc5 {[%emt 0:02:17]} N6d7 {[%emt 0:01:51]} 23. Rcc1 {[%emt 0:08:39]} Nxe5 {[%emt 0:00:50]} 24. f4 {[%emt 0:00:25]} Be2 {[%emt 0:10:43]} 25. fxe5 {[%emt 0:00:47]} Bxf1 {[%emt 0:00:04]} 26. Rxf1 {[%emt 0:00:22]} Rxf1+ {[%emt 0:00:15]} 27. Kxf1 {[%emt 0:00:04]} Rc7 {[%emt 0:01:25]} 28. Nbc6 {[%emt 0:02:02]} Nxc6 {[%emt 0:00:23]} 29. Nxc6 {[%emt 0:00:05]} Kg8 {[%emt 0:00:26]} 30. Ke2 {[%emt 0:00:07]} Kf8 {[%emt 0:00:29]} 31. Be4 {[%emt 0:02:34]} h5 {[%emt 0:02:34]} 32. Nd4 {[%emt 0:02:45]} Kf7 {[%emt 0:00:02]} 33. Bc6 {[%emt 0:01:49]} g5 {[%emt 0:00:37]} 34. Kd3 {[%emt 0:00:27]} h4 {[%emt 0:00:28]} 35. g4 {[%emt 0:00:05]} Kg6 {[%emt 0:00:34]} 36. Be4+ {[%emt 0:00:59]} Kf7 {[%emt 0:00:02]} 37. Nf3 {[%emt 0:00:23]} Rc1 {[%emt 0:00:21]} 38. Nxg5+ {[%emt 0:00:06]} Ke7 {[%emt 0:00:00]} 39. Nf3 {[%emt 0:01:14]} h3 {[%emt 0:00:01]} 40. Bb7 {[%emt 0:01:36]} a5 {[%emt 0:03:00]} 41. a4 {[%emt 0:02:55]} bxa4 {[%emt 0:03:58]} 42. bxa4 {[%emt 0:00:02]} Rb1 {[%emt 0:00:09]} 43. Bc6 {[%emt 0:00:54]} Rb4 {[%emt 0:00:04]} 44. g5 {[%emt 0:00:18]} Rg4 {[%emt 0:00:11]} 45. Ke3 {[%emt 0:00:42]} Kf7 {[%emt 0:00:58]} 46. Be4 {[%emt 0:00:06]} Rg2 {[%emt 0:00:22]} 47. Kf4 {[%emt 0:00:50]} Kg7 {[%emt 0:00:31]} 48. Bd3 {[%emt 0:00:24]} Ra2 {[%emt 0:00:16]} 49. Bb5 {[%emt 0:00:10]} Rg2 {[%emt 0:00:11]} 50. Bc4 {[%emt 0:09:08]} Kf7 {[%emt 0:01:15]} 51. Bb5 {[%emt 0:07:26]} Kg7 {[%emt 0:01:23]} 52. Ke3 {[%emt 0:00:35]} Kf7 {[%emt 0:02:41]} 53. Kd4 {[%emt 0:05:12]} Rf2 {[%emt 0:00:22]} 54. Ke4 {[%emt 0:00:30]} Rb2 {[%emt 0:00:35]} 55. Ke3 {[%emt 0:02:47]} Rg2 {[%emt 0:00:32]} 56. Be2 {[%emt 0:00:24]} Rg4 {[%emt 0:00:28]} 57. Bd1 {[%emt 0:00:51]} Ke8 {[%emt 0:01:58]} 58. Bc2 {[%emt 0:01:46]} Rg2 {[%emt 0:00:40]} 59. Be4 {[%emt 0:00:27]} Kf7 {[%emt 0:00:48]} 60. Kf4 {[%emt 0:01:43]} Ra2 {[%emt 0:00:32]} 61. g6+ {[%emt 0:00:11]} Kg7 {[%emt 0:00:30]} 62. Ng5 {[%emt 0:01:02]} Rxh2 {[%emt 0:02:25]} 63. Nxe6+ {[%emt 0:00:05]} Kg8 {[%emt 0:00:07]} 64. Ng5 {[%emt 0:00:56]} Kg7 {[%emt 0:03:38]} 65. e6 {[%emt 0:00:06]} Rf2+ {[%emt 0:00:14]} 66. Kg3 {[%emt 0:00:43]} Rf8 {[%emt 0:00:10]} 67. Kxh3 {[%emt 0:00:21]} Rh8+ {[%emt 0:00:38]} 68. Kg4 {[%emt 0:00:05]} Kf6 {[%emt 0:00:02]} 69. Bf5 {[%emt 0:01:26]} Ke7 {[%emt 0:01:01]} 70. Nh7 {[%emt 0:00:34]} Rb8 {[%emt 0:00:53]} 71. Kg5 {[%emt 0:00:03]} 1-0

[Event "10th LCC FIDE Open 2018"]
[Site "London"]
[Date "2018.12.15"]
[Round "7"]
[White "Piesik, Piotr"]
[Black "Cornette, Matthieu"]
[Result "1/2-1/2"]
[WhiteElo "2404"]
[BlackElo "2597"]
[Annotator "TA"]
[PlyCount "64"]
[EventDate "2018.12.09"]
[EventType "swiss"]
[EventCountry "ENG"]
[SourceTitle "playchess.com"]
[Source "ChessBase"]
[SourceQuality "1"]

{[%evp 19,64,0,0,0,0,0,0,-1,0,-18,-8,-69,-6,-5,-9,-6,3,3,3,3,3,5,5,0,0,-3,8,8,3,0,18,0,31,21,26,21,13,14,27,13,13,0,0,0,0,0,0]} 1. d4 Nf6 2. Nf3 e6 3. c4 a6 4. Nc3 d5 5. cxd5 exd5 6. Bg5 {D37: Queen's Gambit Declined: 5 Bf4} Be6 7. e3 Nbd7 8. Bd3 Bd6 (8... h6 9. Bf4 g5 10. Bg3 Nh5 11. Be5 Nhf6 12. Bg3 Nh5 13. Qb3 Nxg3 14. hxg3 {½-½ (48) Karjakin,S (2773)-Caruana,F (2822) Saint Louis 2018}) 9. Qc2 c6 {[%cal Bc7c6,Bc6c5][%mdl 32]} 10. Bh4 h6 {LiveBook: 12 Games} 11. Bg3 Bxg3 12. hxg3 Qe7 13. Rb1 $146 ({Predecessor:} 13. Bf5 O-O {0-1 (53) Marjanovic,D (2387)-Parligras,M (2614) Banja Vrujci 2017}) 13... O-O 14. Nh4 c5 15. O-O (15. dxc5 $11 Nxc5 16. O-O) 15... Rac8 (15... c4 $15 16. Bf5 Rfe8) 16. Nf5 $11 Bxf5 17. Bxf5 g6 18. Bxd7 Qxd7 19. dxc5 Rxc5 20. Rfd1 Qe6 21. Qd3 Rfc8 22. Ne2 Qg4 23. f3 Qg5 24. Kf2 h5 25. Rbc1 h4 {[#] Threatens to win with ...Rxc1.} 26. Rxc5 hxg3+ 27. Nxg3 Rxc5 28. Ne2 Rc4 29. Rh1 Rh4 {The position is equal.} 30. Rxh4 Qxh4+ 31. Kf1 Qh1+ 32. Kf2 Qh4+ {Accuracy: White = 55%, Black = 40%.} 1/2-1/2

[Event "10th LCC FIDE Open 2018"]
[Site "London"]
[Date "2018.12.15"]
[Round "7"]
[White "Eggleston, David J"]
[Black "Georgescu, Lena"]
[Result "1/2-1/2"]
[WhiteElo "2397"]
[BlackElo "2162"]
[Annotator "NA"]
[PlyCount "150"]
[EventDate "2018.12.09"]
[EventType "swiss"]
[EventCountry "ENG"]
[SourceTitle "playchess.com"]
[Source "ChessBase"]
[SourceQuality "1"]
[TimeControl "40/5400+30:1800+30"]

1. e4 {[%emt 0:02:15]} c5 {[%emt 0:00:00]} 2. Nf3 {[%emt 0:00:04]} Nc6 {[%emt 0:00:00]} 3. d4 {[%emt 0:00:07]} cxd4 {[%emt 0:00:00]} 4. Nxd4 {[%emt 0:00:03]} Nf6 {[%emt 0:00:00]} 5. Nc3 {[%emt 0:00:04]} e5 {[%emt 0:00:00]} 6. Ndb5 {[%emt 0:00:04]} d6 {[%emt 0:00:01]} 7. Bg5 {[%emt 0:00:04]} a6 {[%emt 0:00:06]} 8. Na3 {[%emt 0:00:04]} b5 {[%emt 0:00:04]} 9. Nd5 {[%emt 0:00:03]} Be7 {[%emt 0:00:06]} 10. Bxf6 {[%emt 0:00:05]} Bxf6 {[%emt 0:00:06]} 11. c4 {[%emt 0:00:05]} b4 {[%emt 0:05:35] B33: Sicilian: Pelikan and Sveshnikov Variations} 12. Nc2 {[%emt 0:00:12]} O-O {[%emt 0:00:10]} 13. g3 {[%emt 0:00:45]} a5 {[%emt 0:00:05]} (13... Bg5 14. Bg2 a5 15. O-O Ne7 16. Nce3 Bxe3 17. Nxe3 Be6 18. Rc1 Nc6 19. Nf5 {1-0 (54) Harikrishna,P (2744)-Yu,Y (2751) Huaian 2017}) 14. h4 {[%emt 0:00:51]} a4 {[%emt 0:00:14]} 15. Bh3 {[%emt 0:12:28]} Be6 {[%emt 0:31:13]} 16. Kf1 {[%emt 0:03:26]} b3 {[%emt 0:18:34]} 17. Nce3 {[%emt 0:00:48] [#]} a3 $146 {[%emt 0:07:13]} ({Predecessor:} 17... Nd4 18. Kg2 Qb8 19. axb3 Qxb3 20. Qxb3 Nxb3 {½-½ (67) Istratescu,A (2596)-Tregubov,P (2584) Chartres 2017}) 18. Qxb3 {[%emt 0:05:48]} Nd4 {[%emt 0:00:12]} 19. Qc3 {[%emt 0:00:36]} axb2 {[%emt 0:00:11]} 20. Qxb2 {[%emt 0:00:25]} Qa5 {[%emt 0:02:59]} 21. Kg2 {[%emt 0:03:59]} Rfb8 {[%emt 0:00:46]} 22. Nxf6+ {[%emt 0:05:24]} gxf6 {[%emt 0:00:07]} 23. Qc1 {[%emt 0:00:29]} Qa3 {[%emt 0:04:33]} 24. Bxe6 {[%emt 0:06:33]} fxe6 {[%emt 0:02:43]} 25. Qxa3 {[%emt 0:00:31]} Rxa3 {[%emt 0:00:05]} 26. Rhb1 $14 {[%emt 0:00:50]} Rba8 {[%emt 0:12:58]} 27. Rb7 {[%emt 0:08:48]} Nb3 {[%emt 0:01:58]} 28. Re1 {[%emt 0:29:38]} Nc5 {[%emt 0:00:47]} 29. Re7 {[%emt 0:00:10]} R8a7 {[%emt 0:03:29]} 30. Rxa7 {[%emt 0:13:04]} Rxa7 {[%emt 0:00:02]} 31. Rd1 {[%emt 0:01:38]} Nxe4 {[%emt 0:03:31]} 32. Kf3 {[%emt 0:00:06]} f5 {[%emt 0:00:04]} 33. g4 {[%emt 0:00:04]} Rxa2 {[%emt 0:01:37]} 34. gxf5 {[%emt 0:00:07]} exf5 {[%emt 0:00:10]} 35. Nxf5 {[%emt 0:00:53]} Nd2+ {[%emt 0:00:51]} 36. Kg2 {[%emt 0:03:43]} Nxc4 {[%emt 0:00:44]} 37. Rc1 {[%emt 0:00:13]} Ra4 {[%emt 0:01:18]} 38. h5 {[%emt 0:00:37]} d5 {[%emt 0:03:50]} 39. Ne7+ {[%emt 0:00:14]} Kf7 {[%emt 0:00:10]} 40. Nxd5 {[%emt 0:00:04]} Ke6 {[%emt 0:00:56]} 41. Nc3 {[%emt 0:30:56]} Rb4 {[%emt 0:05:57]} 42. Ne4 {[%emt 0:00:00]} Nd6 {[%emt 0:06:58]} 43. Ng3 {[%emt 0:00:00]} h6 {[%emt 0:03:53]} 44. Rc6 {[%emt 0:00:00]} Rc4 {[%emt 0:03:43]} 45. Ra6 {[%emt 0:00:00]} Rf4 {[%emt 0:00:38]} 46. Kf1 {[%emt 0:00:00]} Kd5 {[%emt 0:02:19]} 47. Ke2 {[%emt 0:00:00]} Rb4 {[%emt 0:02:38]} 48. Ra8 {[%emt 0:00:00]} Rf4 {[%emt 0:01:05]} 49. Rh8 {[%emt 0:00:00]} Rf6 {[%emt 0:00:44]} 50. Rh7 {[%emt 0:00:00]} Ke6 {[%emt 0:00:31]} 51. f3 {[%emt 0:00:00]} Kd5 {[%emt 0:00:35]} 52. Ra7 {[%emt 0:00:00]} Rf4 {[%emt 0:01:09]} 53. Ra5+ {[%emt 0:00:00]} Ke6 {[%emt 0:00:22]} 54. Ra6 {[%emt 0:00:00]} Kd5 {[%emt 0:00:38]} 55. Nf1 {[%emt 0:00:00]} Nf5 {[%emt 0:03:01]} 56. Nd2 {[%emt 0:02:00]} Nd4+ {[%emt 0:02:35]} 57. Ke3 {[%emt 0:00:13]} Nf5+ {[%emt 0:01:03]} 58. Kd3 {[%emt 0:01:32]} Nd6 {[%emt 0:01:10]} 59. Ke3 {[%emt 0:02:44]} Nf5+ {[%emt 0:00:55]} 60. Kf2 {[%emt 0:00:02]} Nd6 {[%emt 0:00:35]} 61. Nf1 {[%emt 0:00:10]} Nf5 {[%emt 0:00:41]} 62. Ne3+ {[%emt 0:00:04]} Nxe3 {[%emt 0:00:06]} 63. Kxe3 {[%emt 0:00:02]} Rh4 {[%emt 0:00:38]} 64. Rxh6 {[%emt 0:00:03]} Rh3 {[%emt 0:01:00]} 65. Ke2 {[%emt 0:00:51]} Rh2+ {[%emt 0:00:52]} 66. Kf1 {[%emt 0:00:07]} e4 {[%emt 0:00:44]} 67. Kg1 {[%emt 0:01:07]} Rh4 {[%emt 0:00:15]} 68. Kf2 {[%emt 0:00:18]} exf3 {[%emt 0:00:30]} 69. Kxf3 {[%emt 0:00:02]} Ke5 {[%emt 0:00:54]} 70. Ra6 {[%emt 0:00:11]} Kf5 {[%emt 0:00:20]} 71. Ra5+ {[%emt 0:00:15]} Kf6 {[%emt 0:00:15]} 72. Kg3 {[%emt 0:00:08]} Rh1 {[%emt 0:00:19]} 73. h6 {[%emt 0:00:08]} Rxh6 {[%emt 0:00:09]} 74. Ra6+ {[%emt 0:00:02]} Kg7 {[%emt 0:00:08]} 75. Rxh6 {[%emt 0:00:03]} Kxh6 {[%emt 0:00:03]} 1/2-1/2

[Event "10th LCC FIDE Open 2018"]
[Site "London"]
[Date "2018.12.15"]
[Round "7"]
[White "Lewtak, Damian"]
[Black "Haribalu, V.."]
[Result "1/2-1/2"]
[WhiteElo "2393"]
[BlackElo "2208"]
[Annotator "NA"]
[PlyCount "49"]
[EventDate "2018.12.09"]
[EventType "swiss"]
[EventCountry "ENG"]
[SourceTitle "playchess.com"]
[Source "ChessBase"]
[SourceQuality "1"]
[TimeControl "40/5400+30:1800+30"]

1. d4 {[%emt 0:00:00]} d5 {[%emt 0:08:22]} 2. Bf4 {[%emt 0:00:00]} Nf6 {[%emt 0:09:15]} 3. e3 {[%emt 0:00:00]} c5 {[%emt 0:00:07]} 4. c3 {[%emt 0:00:00]} Nc6 {[%emt 0:00:08]} 5. Nd2 {[%emt 0:00:02]} e6 {[%emt 0:00:18]} 6. Ngf3 {[%emt 0:00:39]} Bd6 {[%emt 0:01:24]} 7. Bg3 {[%emt 0:00:07]} Qe7 {[%emt 0:07:51]} 8. Ne5 {[%emt 0:04:47]} Nd7 {[%emt 0:06:34] D02: 1 d4 d5 2 Nf3 sidelines, including 2...Nf6 3 g3 and 2...Nf6 3 Bf4} 9. Bb5 {[%emt 0:17:14]} Bxe5 {[%emt 0:31:28]} 10. dxe5 {[%emt 0:01:32]} a6 {[%emt 0:00:02]} 11. Qa4 $146 {[%emt 0:02:35]} ({Predecessor:} 11. Bxc6 bxc6 12. Qa4 Bb7 13. Bh4 f6 14. exf6 gxf6 15. c4 Rg8 16. O-O {1-0 (24) Robson,R (2663)-Onischuk,A (2664) Saint Louis 2016}) 11... Rb8 {[%emt 0:01:18]} 12. Bxc6 {[%emt 0:08:09]} bxc6 {[%emt 0:00:02]} 13. Qxc6 {[%emt 0:00:09]} O-O {[%emt 0:00:04]} 14. Rb1 {[%emt 0:10:42]} Rb5 {[%emt 0:08:37]} 15. c4 {[%emt 0:10:11]} Bb7 {[%emt 0:00:28]} 16. Qd6 {[%emt 0:00:20]} Qxd6 {[%emt 0:00:16]} 17. exd6 {[%emt 0:00:06]} dxc4 {[%emt 0:03:39]} 18. O-O {[%emt 0:07:28]} Rb8 {[%emt 0:06:23]} 19. Nxc4 {[%emt 0:07:51]} Bd5 {[%emt 0:01:31]} 20. Ne5 {[%emt 0:00:09]} Nxe5 {[%emt 0:00:05]} 21. Bxe5 {[%emt 0:00:04]} f6 {[%emt 0:00:25]} 22. Bc3 {[%emt 0:01:04]} Rd8 {[%emt 0:03:44]} 23. a4 {[%emt 0:19:23]} Rb7 {[%emt 0:00:12]} 24. Rfd1 {[%emt 0:03:18]} Bb3 $11 {[%emt 0:00:26]} 25. Rd2 {[%emt 0:01:25]} 1/2-1/2

[Event "10th LCC FIDE Open 2018"]
[Site "London"]
[Date "2018.12.15"]
[Round "7"]
[White "Lacasa Diaz, Jose Antonio"]
[Black "Melkumyan, Hrant"]
[Result "0-1"]
[WhiteElo "2389"]
[BlackElo "2670"]
[Annotator "TA"]
[PlyCount "56"]
[EventDate "2018.12.09"]
[EventType "swiss"]
[EventCountry "ENG"]
[SourceTitle "playchess.com"]
[Source "ChessBase"]
[SourceQuality "1"]

{[%evp 9,56,4,8,9,21,11,19,0,4,0,6,-1,-2,-8,-10,-12,-11,-16,-8,-18,-17,-18,-18,-18,-18,-23,-18,-16,-19,-37,-32,-33,-33,-37,-32,-40,-31,-40,-30,-196,-202,-200,-204,-203,-205,-203,-194,-190,-195]} 1. d4 Nf6 2. Bf4 d5 3. e3 Bg4 4. Be2 (4. f3 Bc8 5. Nc3 e6 6. e4 Bb4 7. Qd3 O-O 8. O-O-O b6 9. Nge2 c5 10. exd5 Ba6 11. Qe3 exd5 12. a3 Bxc3 13. Nxc3 Bxf1 14. Rhxf1 Nc6 {1-0 (32) Wei,Y (2727)-Ma,Q (2637) China 2017}) 4... Bxe2 5. Qxe2 Nbd7 6. Nf3 {D00: 1 d4 d5: Unusual lines} e6 7. O-O Be7 8. h3 {The position is equal.} O-O 9. Nbd2 c5 10. c3 Qb6 11. Rab1 Rac8 12. Ne5 $146 Nxe5 13. Bxe5 Qc6 14. Rfe1 Nd7 {[%cal Bf6d7,Bd7c5,Bc5d3][%mdl 32]} 15. Bg3 b5 16. dxc5 Nxc5 17. e4 Rfd8 18. exd5 Qxd5 19. Nf3 a6 20. a3 Qd3 21. Qxd3 Nxd3 22. Red1 Nc5 23. Kf1 Na4 24. Ke2 $2 {[#]} (24. Rxd8+ $11 {and White has nothing to worry.} Rxd8 25. Bc7) 24... Bxa3 $1 $19 {[%mdl 512] Black is clearly better.} 25. bxa3 {And now Rxd8+ would win.} Nxc3+ 26. Ke1 {Threatens to win with Rxd8+.} Rxd1+ 27. Rxd1 Nxd1 28. Kxd1 Rc3 {Accuracy: White = 49%, Black = 79%.} 0-1

[Event "10th LCC FIDE Open 2018"]
[Site "London"]
[Date "2018.12.15"]
[Round "7"]
[White "Milliet, Sophie"]
[Black "Hawkins, Jonathan"]
[Result "1/2-1/2"]
[WhiteElo "2376"]
[BlackElo "2583"]
[Annotator "TA"]
[PlyCount "84"]
[EventDate "2018.12.09"]
[EventType "swiss"]
[EventCountry "ENG"]
[SourceTitle "playchess.com"]
[Source "ChessBase"]
[SourceQuality "1"]

{[%evp 13,84,22,18,7,12,7,7,0,0,0,32,32,32,29,32,33,33,33,35,35,24,14,34,16,16,0,17,0,13,6,22,0,0,-26,-23,-23,-22,-28,-2,-26,-24,-47,-39,-39,-39,-25,0,0,0,0,0,0,0,0,0,0,0,0,0,0,0,0,0,0,0,0,0,0,0,0,0,0,0]} 1. e4 c6 2. Nf3 d5 3. exd5 cxd5 4. Ne5 (4. d4 Nc6 5. Ne5 e6 6. Bb5 Bd7 7. Nxd7 Qxd7 8. c3 Nf6 9. O-O Bd6 10. Nd2 Qc7 11. g3 O-O 12. Bd3 Rab8 {1-0 (50) Bauer,C (2629)-Berkes,F (2678) Batumi 2018}) 4... Nf6 5. d4 g6 6. Bb5+ {B10: Caro-Kann: 2 d3 and 2 c4} Nbd7 7. O-O Bg7 {LiveBook: 26 Games} 8. h3 a6 $146 ({Predecessor:} 8... O-O 9. Nc3 a6 10. Ba4 Nb6 11. Bb3 Bf5 {1-0 (39) Lujan,C (2367)-Mansilla,M (2037) La Plata 2012}) 9. Nxd7 Bxd7 10. Bd3 O-O 11. c3 Bf5 12. Bxf5 gxf5 13. Bf4 Qb6 14. Qb3 Qxb3 15. axb3 Rfc8 16. Re1 e6 17. Nd2 Nh5 18. Be5 (18. Bh2 {seems wilder.} a5 19. Ra2 Ra6 20. Nf3 Rca8 21. Ne5) 18... Bxe5 19. Rxe5 Nf4 20. Re3 a5 21. Nf3 Kf8 22. Ne5 {Threatens to win with Nd7+.} Ke7 23. Nd3 (23. Rf3 {feels hotter.} Ng6 24. Nd3 Kd6 25. g3 b5 26. Kg2) 23... Nxd3 24. Rxd3 $11 {[%mdl 4096] Endgame KRR-KRR} b5 25. Kf1 Rg8 26. g3 h5 27. Rf3 {[#]} h4 $1 {[%mdl 512]} 28. gxh4 Rh8 29. Rf4 f6 30. Ke2 {The position is equal.} Rh5 31. Rg1 Kf7 32. Rf3 Rxh4 33. Rfg3 Rh7 34. h4 a4 35. h5 f4 36. Rg6 axb3 {aiming for ...Ra2.} 37. h6 Rah8 38. Rg7+ Rxg7 39. Rxg7+ Kf8 40. Rg6 Kf7 41. Rg7+ Kf8 42. Rg6 Kf7 {Accuracy: White = 62%, Black = 75%.} 1/2-1/2